| 000 | 01159cam a2200289Ia 4500 | ||
|---|---|---|---|
| 999 |
_c5686 _d5686 |
||
| 001 | 17566957 | ||
| 003 | OCoLC | ||
| 005 | 20190109093106.0 | ||
| 008 | 880302s1987 cou 000 0 eng d | ||
| 020 | _a0891090738 | ||
| 020 | _a9780891090731 | ||
| 035 |
_a(OCoLC)17566957 _z(OCoLC)855171113 |
||
| 040 |
_aJBT _beng _cJBT _dKLF _dOCL _dBAKER _dSGB _dOCLCQ _dOCLCO _dOCLCA _dOCLCF |
||
| 082 | _a227.1 | ||
| 092 |
_a227.107 _bN316L, 1987 |
||
| 245 | 0 | 2 | _aA NavPress Bible study on the book of Romans. |
| 260 |
_aColorado Springs, Colo. : _bNavPress, _c©1987. |
||
| 300 |
_a213 pages ; _c22 cm. |
||
| 336 |
_atext _btxt _2rdacontent |
||
| 337 |
_aunmediated _bn _2rdamedia |
||
| 338 |
_avolume _bnc _2rdacarrier |
||
| 490 | 1 | _aLife change series | |
| 520 | _aA NavPress Bible study emphasizing: personal discovery of God's Word; Application of Scripture to your daily life; Scene-setting historical insights; Mini leader's guides for small groups; Helpful word origins and definitions; Stimulating discussion questions; Challenging optional projects. | ||
| 630 | 0 | 0 |
_aBible. _pN.T. _pRomans. _xStudy and teaching. |
| 830 | 0 | _aLife change series. | |
| 942 |
_2ddc _cBK |
||